[Event "XXVII Festival A"]
[Site "Arco ITA"]
[Date "2005.10.29"]
[Round "8"]
[White "Muha, Zdravko"]
[Black "Vanzan, Alessandro"]
[Result "1-0"]
[WhiteElo "2112"]
[BlackElo "1862"]
[PlyCount "79"]
[EventDate "2005.10.22"]

1. d4 Nf6 2. Nf3 d5 3. Bg5 e6 4. Nbd2 Be7 5. e3 O-O 6. Bd3 Nbd7 7. O-O c5 8. c3
a6 9. Ne5 Nxe5 10. dxe5 Nd7 11. Bxe7 Qxe7 12. f4 c4 13. Bc2 b5 14. a3 Bb7 15.
Qh5 g6 16. Qh6 f5 17. Nf3 Qg7 18. Qh4 Nc5 19. Nd4 Rae8 20. g4 Ne4 21. Bxe4 dxe4
22. gxf5 gxf5+ 23. Kf2 Kh8 24. Rg1 Qf7 25. Rg3 Rg8 26. Rag1 Rxg3 27. hxg3 Bd5
28. g4 Rf8 29. gxf5 exf5 30. Qh6 Rg8 31. Rxg8+ Kxg8 32. Qg5+ Kf8 33. Nxf5 Be6
34. Qd8+ Qe8 35. Qxe8+ Kxe8 36. Ng7+ Kf7 37. Nxe6 Kxe6 38. Kg3 Kf5 39. Kh4 Kg6
40. Kg4 1-0

[Event "XXVII Festival A"]
[Site "Arco ITA"]
[Date "2005.10.29"]
[Round "8"]
[White "Murli, Almerico"]
[Black "Perich, Stefano"]
[Result "0-1"]
[WhiteElo "1803"]
[BlackElo "2003"]
[PlyCount "56"]
[EventDate "2005.10.22"]

1. e4 d6 2. d4 g6 3. Nc3 Bg7 4. f4 Nf6 5. Nf3 O-O 6. Bd3 c5 7. dxc5 dxc5 8. O-O
Nc6 9. Be3 b6 10. h3 Bb7 11. Qe1 e6 12. Rd1 Qe7 13. Qf2 Na5 14. e5 Nd5 15. Nxd5
exd5 16. c3 Nc6 17. Rfe1 Qc7 18. a3 Rae8 19. b4 c4 20. Bf1 f6 21. exf6 Bxf6 22.
Qd2 Ne7 23. g4 Nc8 24. Nd4 Nd6 25. Bg2 Ne4 26. Bxe4 Rxe4 27. Re2 Rfe8 28. Bf2
Bxd4 0-1

[Event "XXVII Festival A"]
[Site "Arco ITA"]
[Date "2005.10.29"]
[Round "8"]
[White "Ohman, Anders"]
[Black "Acunzo, Domenico"]
[Result "1-0"]
[WhiteElo "2097"]
[BlackElo "1819"]
[PlyCount "61"]
[EventDate "2005.10.22"]

1. c4 e5 2. g3 g6 3. Bg2 Bg7 4. Nc3 Ne7 5. d3 d6 6. e4 Nbc6 7. Nge2 O-O 8. O-O
f5 9. Nd5 Nxd5 10. exd5 Ne7 11. f4 c6 12. Nc3 Kh8 13. Be3 Bd7 14. Qd2 cxd5 15.
Nxd5 Nc6 16. Rab1 Nd4 17. Bxd4 exd4 18. b4 Bc6 19. b5 Bxd5 20. Bxd5 Rb8 21.
Rbe1 a6 22. a4 axb5 23. axb5 Qd7 24. Re6 Rbd8 25. Rfe1 Qc7 26. Qg2 Rd7 27. Qh3
Bf6 28. Rxf6 Rxf6 29. Re8+ Rf8 30. Rxf8+ Kg7 31. Rg8+ 1-0

[Event "XXVII Festival A"]
[Site "Arco ITA"]
[Date "2005.10.29"]
[Round "8"]
[White "Pavoncelli, Paolo"]
[Black "Di Giovanni, Isidoro"]
[Result "1-0"]
[WhiteElo "1818"]
[BlackElo "1679"]
[PlyCount "39"]
[EventDate "2005.10.22"]

1. a3 e6 2. Nf3 Nf6 3. e3 d5 4. c4 Be7 5. Nc3 O-O 6. cxd5 Nxd5 7. Qc2 Nxc3 8.
Qxc3 Nd7 9. Bc4 c5 10. h4 Bf6 11. Qc2 Ne5 12. Nxe5 Bxe5 13. g4 b6 14. Qe4 Qf6
15. Qxa8 Bxb2 16. Bxb2 Qxb2 17. Ke2 Ba6 18. Qe4 b5 19. Bd3 c4 20. Qxh7# 1-0

[Event "XXVII Festival A"]
[Site "Arco ITA"]
[Date "2005.10.29"]
[Round "8"]
[White "Pojer, Romeo"]
[Black "Volpinari, Danilo"]
[Result "1-0"]
[WhiteElo "2153"]
[BlackElo "2048"]
[PlyCount "117"]
[EventDate "2005.10.22"]

1. e4 c5 2. Nf3 e6 3. d4 cxd4 4. Nxd4 a6 5. Bd3 Bc5 6. Nb3 Ba7 7. Nc3 d6 8. Qe2
Nc6 9. Be3 Qc7 10. O-O-O Nge7 11. f4 Bd7 12. g4 Bxe3+ 13. Qxe3 O-O-O 14. Kb1
Kb8 15. Rhe1 h5 16. g5 Ng6 17. Rd2 Nce7 18. Red1 Bc6 19. Nd4 e5 20. Nxc6+ Qxc6
21. f5 Nf4 22. Bf1 f6 23. gxf6 gxf6 24. Ne2 Nxe2 25. Qxe2 Nc8 26. Rd3 Ka8 27.
Rc3 Qb6 28. Rb3 Qc6 29. c4 Nb6 30. Rc1 Nd7 31. Rd3 Qb6 32. Rh3 Nb8 33. Rb3 Qc5
34. Qd2 Nc6 35. Rd3 Nd4 36. b4 Qb6 37. Ka1 Rc8 38. Ra3 Kb8 39. Qc3 Rhg8 40. c5
dxc5 41. bxc5 Qc6 42. Qe3 Rg4 43. Bd3 Rcg8 44. Rac3 Rf4 45. Rb1 Kc7 46. Qc1 Rg2
47. Rc4 Nb5 48. a4 Rff2 49. Rb3 Ra2+ 50. Kb1 Nd4 51. Rb6 Qd7 52. Rcb4 Nb5 53.
Bxb5 axb5 54. Rd6 Qg7 55. axb5 Rg1 56. b6+ Kc8 57. Rd1 Rgg2 58. Qc4 Qg8 59.
Qxg8+ 1-0

[Event "XXVII Festival A"]
[Site "Arco ITA"]
[Date "2005.10.29"]
[Round "8"]
[White "Ricci, Alfredo"]
[Black "Zucchelli, Massimo"]
[Result "1-0"]
[WhiteElo "2016"]
[BlackElo "2162"]
[PlyCount "88"]
[EventDate "2005.10.22"]

1. e4 e6 2. d4 d5 3. Nd2 Nf6 4. e5 Nfd7 5. Bd3 c5 6. c3 Nc6 7. Ne2 cxd4 8. cxd4
Qb6 9. Nf3 f6 10. exf6 Nxf6 11. O-O Bd6 12. a3 O-O 13. b4 e5 14. dxe5 Nxe5 15.
Nxe5 Bxe5 16. Be3 Qd8 17. Bd4 Bxd4 18. Nxd4 Bg4 19. Qd2 Qb6 20. h3 Bd7 21. Rfe1
Rae8 22. Nb3 Kh8 23. Nc5 Bc8 24. Qf4 a5 25. Qh4 axb4 26. Qxb4 Qc7 27. Rab1 Rf7
28. Rxe8+ Nxe8 29. Re1 Nf6 30. Ne6 Bxe6 31. Rxe6 Kg8 32. g4 g5 33. Re1 Qf4 34.
Qxf4 gxf4 35. Re5 Rc7 36. g5 Nh5 37. Rxd5 f3 38. Rf5 Rc3 39. Rxf3 Kg7 40. Be2
Rc1+ 41. Kh2 h6 42. Rf5 Kg6 43. Bd3 Rd1 44. Rd5+ Kf7 1-0

[Event "XXVII Festival A"]
[Site "Arco ITA"]
[Date "2005.10.29"]
[Round "8"]
[White "Romagnoli, Roberto"]
[Black "Sprea, Giuseppe"]
[Result "1-0"]
[WhiteElo "2139"]
[BlackElo "2018"]
[PlyCount "95"]
[EventDate "2005.10.22"]

1. c4 c5 2. Nc3 Nc6 3. g3 g6 4. Bg2 Bg7 5. e4 d6 6. Nge2 Bg4 7. O-O Qd7 8. Rb1
Nf6 9. f3 Bh3 10. b3 h5 11. Bxh3 Qxh3 12. Nf4 Qd7 13. Bb2 g5 14. Ng2 e6 15. Ne2
e5 16. d3 O-O-O 17. a3 g4 18. f4 exf4 19. Nexf4 Ne5 20. Bxe5 dxe5 21. Nd5 Nh7
22. Rf5 f6 23. b4 Ng5 24. Nh4 Ne6 25. bxc5 Bf8 26. Qd2 Bxc5+ 27. Kh1 Nd4 28.
Qa5 Nxf5 29. Qxc5+ Qc6 30. Qxa7 Qa6 31. Qxa6 Nxg3+ 32. hxg3 bxa6 33. Rb6 a5 34.
Ra6 Kb7 35. Rxa5 Ra8 36. Rb5+ Kc6 37. Ng6 Rhd8 38. Nge7+ Kd6 39. Rb6+ Kc5 40.
Rb5+ Kd6 41. Nf5+ Kc6 42. Nfe7+ Kd6 43. c5+ Ke6 44. Rb6+ Kf7 45. Rxf6+ Ke8 46.
Nc6 Rxa3 47. Nxd8 Kxd8 48. c6 1-0

[Event "XXVII Festival A"]
[Site "Arco ITA"]
[Date "2005.10.29"]
[Round "8"]
[White "Russo, Carmelo"]
[Black "Salati, Paolo"]
[Result "0-1"]
[WhiteElo "1728"]
[BlackElo "1954"]
[PlyCount "66"]
[EventDate "2005.10.22"]

1. Nf3 d5 2. b3 Nc6 3. Bb2 Nf6 4. d4 Bg4 5. Nbd2 e6 6. h3 Bh5 7. g4 Bg6 8. Bg2
Nb4 9. e4 Nxe4 10. O-O Nxd2 11. Qxd2 Nxc2 12. Rac1 Nb4 13. Ne5 Bd6 14. a3 Na6
15. Qe2 O-O 16. f4 Bxe5 17. fxe5 c6 18. b4 Nc7 19. a4 Rc8 20. Ba3 Re8 21. b5
cxb5 22. axb5 Qd7 23. Rc5 b6 24. Rc6 Nxb5 25. Qxb5 Qxc6 26. Qa6 Qc4 27. Qxa7
Qxd4+ 28. Kh1 Qxe5 29. Qxb6 Be4 30. Qf2 Bxg2+ 31. Kxg2 Qe4+ 32. Kg3 f6 33. Bb2
Rc2 0-1

[Event "XXVII Festival A"]
[Site "Arco ITA"]
[Date "2005.10.29"]
[Round "8"]
[White "Savarese, Vincenzo"]
[Black "Mosna, Alessandro"]
[Result "1/2-1/2"]
[WhiteElo "1778"]
[BlackElo "1993"]
[PlyCount "45"]
[EventDate "2005.10.22"]

1. e4 d6 2. d4 Nf6 3. Nc3 c6 4. a4 Nbd7 5. Be3 Qa5 6. g4 h5 7. g5 Ng4 8. Bc1 e5
9. h3 exd4 10. Qxd4 Nge5 11. f4 Ng6 12. h4 Qb6 13. Qxb6 Nxb6 14. Be3 Nd7 15.
Nf3 Nc5 16. f5 Ne5 17. Nxe5 dxe5 18. Bc4 Bd7 19. Rd1 Rd8 20. Kf2 g6 21. f6 Be6
22. Bxe6 Nxe6 23. Kf3 1/2-1/2

[Event "XXVII Festival A"]
[Site "Arco ITA"]
[Date "2005.10.29"]
[Round "8"]
[White "Schacher, Gerd"]
[Black "Isonzo, David"]
[Result "1/2-1/2"]
[WhiteElo "2258"]
[BlackElo "2337"]
[PlyCount "26"]
[EventDate "2005.10.22"]

1. c4 e6 2. Nf3 d5 3. d4 Nf6 4. Nc3 Be7 5. Bg5 O-O 6. e3 h6 7. Bh4 Ne4 8. Bxe7
Qxe7 9. cxd5 Nxc3 10. bxc3 exd5 11. Qb3 Rd8 12. c4 dxc4 13. Bxc4 Nc6 1/2-1/2

[Event "XXVII Festival A"]
[Site "Arco ITA"]
[Date "2005.10.29"]
[Round "8"]
[White "Schrott, Ernst"]
[Black "Geske, Julian"]
[Result "0-1"]
[WhiteElo "1970"]
[BlackElo "2077"]
[PlyCount "151"]
[EventDate "2005.10.22"]

1. e4 e5 2. d4 exd4 3. Nf3 Nc6 4. Nxd4 Qf6 5. Be3 Bc5 6. Nb5 Bxe3 7. fxe3 Qh4+
8. g3 Qd8 9. Qg4 g6 10. Qf4 d6 11. N1c3 Nf6 12. Nxc7+ Qxc7 13. Qxf6 O-O 14. Nd5
Qd8 15. O-O-O Be6 16. Qxd8 Rfxd8 17. Bg2 Rac8 18. Rd2 Kg7 19. b3 Ne5 20. h3 Rc6
21. a4 Kf8 22. Kb2 Kg7 23. Rf1 h6 24. Rff2 Rc5 25. Rd4 a5 26. Nc3 Kf8 27. Nb5
Ke7 28. Rd1 Rc6 29. Rfd2 Rb6 30. Ka3 Rc6 31. c4 Rd7 32. Nd4 Rc5 33. Rf2 Rc8 34.
g4 Rdd8 35. Bf1 Bd7 36. Rfd2 Be6 37. Be2 Rd7 38. Nb5 Rc6 39. Nc3 Kf8 40. Nd5
Rd8 41. Rc1 Rdc8 42. Rdc2 Nd7 43. Bf3 Ne5 44. Bg2 Ke8 45. Rf1 Kf8 46. Rcf2 Re8
47. Rf6 Kg7 48. R6f2 Kf8 49. Nf4 Ke7 50. Rd2 Rxc4 51. Rfd1 Rc3 52. Nxe6 fxe6
53. Kb2 Rec8 54. Bf1 Rxe3 55. Rxd6 Rxe4 56. Rb6 Rc7 57. Rdd6 Nc6 58. Rd2 Rb4
59. Rxb4 Nxb4 60. Bg2 b6 61. Be4 g5 62. Rf2 Rd7 63. Bg6 Nd3+ 64. Bxd3 Rxd3 65.
Rh2 Kd6 66. Kc2 Rg3 67. Rd2+ Kc5 68. Re2 Kd5 69. Rd2+ Ke4 70. Rd6 Ke5 71. Rxb6
Rxh3 72. b4 axb4 73. Rxb4 Kd5 74. a5 Rg3 75. Rb5+ Kd4 76. Kb2 0-1

[Event "XXVII Festival A"]
[Site "Arco ITA"]
[Date "2005.10.29"]
[Round "8"]
[White "Scotti, Umberto"]
[Black "Bogdanov, Valentin"]
[Result "1/2-1/2"]
[WhiteElo "2182"]
[BlackElo "2399"]
[PlyCount "60"]
[EventDate "2005.10.22"]

1. d4 Nf6 2. Nf3 b6 3. Bf4 e6 4. e3 Be7 5. h3 Bb7 6. Bd3 c5 7. c3 Be4 8. O-O
O-O 9. Bxe4 Nxe4 10. Nbd2 Nxd2 11. Qxd2 d5 12. Rac1 Nd7 13. Ne5 Rc8 14. Nxd7
Qxd7 15. dxc5 Rxc5 16. Rfd1 Qc8 17. Qe2 Rc4 18. Rd4 b5 19. e4 dxe4 20. Qxe4 Rd8
21. Rcd1 Rd5 22. R1d2 f5 23. Rxc4 bxc4 24. Qe2 Qd7 25. Rxd5 Qxd5 26. Qe5 Kf7
27. Qxd5 exd5 28. Be5 Bc5 29. Kf1 g6 30. f4 Ke6 1/2-1/2

[Event "XXVII Festival A"]
[Site "Arco ITA"]
[Date "2005.10.30"]
[Round "9"]
[White "Bergvoll, Mats"]
[Black "Dalponte, Dino"]
[Result "0-1"]
[WhiteElo "1944"]
[BlackElo "2101"]
[PlyCount "62"]
[EventDate "2005.10.22"]

1. e4 g6 2. d4 Bg7 3. c4 d6 4. Nc3 c6 5. Be3 Nf6 6. f3 Qb6 7. Qd2 Qc7 8. Bd3 a6
9. a4 O-O 10. Nge2 e5 11. d5 c5 12. a5 Bd7 13. O-O Nh5 14. Na4 Bxa4 15. Rxa4 f5
16. f4 fxe4 17. Bxe4 exf4 18. Nxf4 Nxf4 19. Rxf4 Nd7 20. b4 Rxf4 21. Bxf4 Re8
22. Bf3 Bd4+ 23. Kf1 Ne5 24. b5 Nxf3 25. gxf3 Qd7 26. Ra2 axb5 27. cxb5 Qxb5+
28. Kg2 Qb1 29. Bxd6 Re1 30. Bg3 Rg1+ 31. Kh3 Qf5+ 0-1

[Event "XXVII Festival A"]
[Site "Arco ITA"]
[Date "2005.10.30"]
[Round "9"]
[White "De Andres Gonalons, Fernando"]
[Black "Ager, Josef"]
[Result "1/2-1/2"]
[WhiteElo "2071"]
[BlackElo "2246"]
[PlyCount "46"]
[EventDate "2005.10.22"]

1. d4 Nf6 2. c4 g6 3. g3 Bg7 4. Bg2 d6 5. Nf3 O-O 6. O-O Nc6 7. Nc3 a6 8. Bg5
h6 9. Bxf6 Bxf6 10. h3 Bg7 11. Rc1 Rb8 12. Qd2 Kh7 13. Rfd1 Bd7 14. e4 e5 15.
dxe5 Nxe5 16. Nxe5 Bxe5 17. f4 Bxc3 18. Qxc3 Qe7 19. c5 Bc6 20. cxd6 cxd6 21.
Qd4 Rbd8 22. Re1 f6 23. Kh2 Rg8 1/2-1/2

[Event "XXVII Festival A"]
[Site "Arco ITA"]
[Date "2005.10.30"]
[Round "9"]
[White "Diotallevi, Maurizio"]
[Black "Scotti, Umberto"]
[Result "1/2-1/2"]
[WhiteElo "2113"]
[BlackElo "2182"]
[PlyCount "48"]
[EventDate "2005.10.22"]

1. d4 e6 2. c4 f5 3. Nf3 d5 4. Nbd2 Nf6 5. g3 c6 6. Bg2 Bd6 7. b3 O-O 8. O-O
Nbd7 9. Bb2 Ne4 10. Qc1 Qe7 11. a4 a5 12. Ba3 b6 13. Bxd6 Qxd6 14. Qb2 Ba6 15.
Rac1 Rac8 16. Ne1 Nxd2 17. Qxd2 Rfd8 18. cxd5 cxd5 19. Nd3 Bxd3 20. Qxd3 Nb8
21. Qb5 Rc6 22. Rxc6 Qxc6 23. Qxc6 Nxc6 24. e3 Rc8 1/2-1/2

[Event "XXVII Festival A"]
[Site "Arco ITA"]
[Date "2005.10.30"]
[Round "9"]
[White "Fossum, Oystein Boyum"]
[Black "Cazzaniga, Walter"]
[Result "1-0"]
[WhiteElo "2247"]
[BlackElo "2104"]
[PlyCount "49"]
[EventDate "2005.10.22"]

1. c4 Nf6 2. g3 g6 3. Bg2 Bg7 4. Nc3 c5 5. e4 d6 6. Nge2 O-O 7. d4 cxd4 8. Nxd4
Nc6 9. Nc2 Bd7 10. O-O a6 11. h3 h5 12. Be3 Rb8 13. Kh2 b5 14. c5 b4 15. Nd5
dxc5 16. Bxc5 Qa5 17. Nxe7+ Nxe7 18. Bxe7 Rfc8 19. e5 Qxe5 20. Bd6 Qxb2 21.
Bxb8 Rxb8 22. Rb1 Qxa2 23. Nxb4 Qc4 24. Qd6 Qb5 25. Nd5 1-0

[Event "XXVII Festival A"]
[Site "Arco ITA"]
[Date "2005.10.30"]
[Round "9"]
[White "Isonzo, David"]
[Black "Mazet, Julien"]
[Result "1/2-1/2"]
[WhiteElo "2337"]
[BlackElo "2250"]
[PlyCount "93"]
[EventDate "2005.10.22"]

1. e4 c5 2. Nf3 d6 3. d4 cxd4 4. Nxd4 Nf6 5. Nc3 a6 6. Bc4 e6 7. Bb3 b5 8. Qf3
Qc7 9. g4 h6 10. h4 b4 11. g5 hxg5 12. hxg5 Rxh1+ 13. Qxh1 bxc3 14. gxf6 Nc6
15. Qh8 gxf6 16. Bh6 Nxd4 17. Qxf8+ Kd7 18. Ba4+ Nb5 19. Qxf7+ Kc6 20. Qxf6
cxb2 21. Bxb5+ axb5 22. Qc3+ Kb7 23. Qxb2 Qc4 24. Be3 Bd7 25. a3 Qxe4 26. O-O-O
Kc7 27. Rd4 Qh1+ 28. Kd2 e5 29. Rd3 Ra4 30. Rc3+ Kd8 31. Qb3 d5 32. Rc5 Rc4 33.
Rxc4 dxc4 34. Qc3 Qd5+ 35. Kc1 Ke8 36. Qb4 Kf7 37. Kb2 Qc6 38. Bg5 c3+ 39. Qxc3
Qxc3+ 40. Kxc3 Ke6 41. Kb4 Kd5 42. Bf6 e4 43. c4+ bxc4 44. a4 Kc6 45. Kxc4 Kb6
46. Kb4 Ka6 47. a5 1/2-1/2

[Event "XXVII Festival A"]
[Site "Arco ITA"]
[Date "2005.10.30"]
[Round "9"]
[White "Kaserer, Hans-Peter"]
[Black "Ohman, Anders"]
[Result "0-1"]
[WhiteElo "1766"]
[BlackElo "2097"]
[PlyCount "76"]
[EventDate "2005.10.22"]

1. d4 d5 2. c4 c6 3. Nf3 Nf6 4. Nc3 dxc4 5. e4 b5 6. e5 Nd5 7. a4 Bb7 8. axb5
Nxc3 9. bxc3 cxb5 10. Ng5 e6 11. Qh5 g6 12. Qg4 Be7 13. Qh4 h5 14. Qg3 Bd5 15.
Be2 Nc6 16. Bf3 b4 17. Bf4 bxc3 18. Nxe6 fxe6 19. Qxg6+ Kd7 20. Bxd5 exd5 21.
Qf5+ Kc7 22. e6+ Kc8 23. Bg3 Nxd4 24. Qb1 Rh6 25. O-O Ne2+ 26. Kh1 Nxg3+ 27.
fxg3 Qd6 28. Rf3 Rxe6 29. Qh7 a6 30. Qh8+ Qd8 31. Qxh5 Rb8 32. Qg4 Qd7 33. Qd4
c2 34. Rc1 Rb1 35. Rff1 Rxc1 36. Rxc1 Re2 37. Qh8+ Kb7 38. Qd4 Ba3 0-1

[Event "XXVII Festival A"]
[Site "Arco ITA"]
[Date "2005.10.30"]
[Round "9"]
[White "Ketzscher, Roland"]
[Black "Del Nevo, Claudio"]
[Result "1-0"]
[WhiteElo "2143"]
[BlackElo "1925"]
[PlyCount "59"]
[EventDate "2005.10.22"]

1. d4 Nf6 2. c4 d6 3. Nc3 g6 4. e4 Bg7 5. Be2 O-O 6. Bg5 c6 7. Qd2 Nbd7 8. Nf3
a6 9. a4 b6 10. O-O Bb7 11. Rad1 Qc7 12. Rfe1 Rad8 13. Qc1 e5 14. Bf1 Rc8 15.
g3 exd4 16. Nxd4 Ne5 17. f4 Ned7 18. Bh3 Rb8 19. Nf3 b5 20. e5 Qb6+ 21. Qe3
Qxe3+ 22. Rxe3 Rfe8 23. Ree1 c5 24. Kf2 Bxf3 25. Kxf3 b4 26. exf6 Nxf6 27. Nb1
Rxe1 28. Rxe1 b3 29. Nd2 Ne8 30. Re3 1-0

[Event "XXVII Festival A"]
[Site "Arco ITA"]
[Date "2005.10.30"]
[Round "9"]
[White "Luther, Thomas"]
[Black "Ivanov, Mikhail M."]
[Result "1/2-1/2"]
[WhiteElo "2569"]
[BlackElo "2457"]
[PlyCount "80"]
[EventDate "2005.10.22"]

1. e4 e5 2. Nf3 Nf6 3. d4 Nxe4 4. Bd3 d5 5. Nxe5 Nd7 6. Nxd7 Bxd7 7. O-O Bd6 8.
c4 c6 9. cxd5 cxd5 10. Qh5 O-O 11. Qxd5 Bc6 12. Qh5 g6 13. Qh3 Ng5 14. Bxg5
Qxg5 15. Nc3 Rae8 16. Rad1 Re7 17. d5 Bd7 18. Ne4 Rxe4 19. Qxd7 Qe7 20. Qxe7
Rxe7 21. Rc1 Re5 22. Bc4 Rc8 23. g3 Re7 24. Bd3 Rxc1 25. Rxc1 Rc7 26. Re1 Re7
27. Rd1 Kg7 28. Kg2 Kf6 29. Rd2 Bc5 30. Bc4 Bd6 31. Kf1 Rc7 32. b3 a6 33. a4
Rc5 34. Kg2 Ke7 35. f4 Kd7 36. f5 gxf5 37. Rd4 f4 38. gxf4 h6 39. b4 Rc8 40. b5
a5 1/2-1/2

[Event "XXVII Festival A"]
[Site "Arco ITA"]
[Date "2005.10.30"]
[Round "9"]
[White "Manca, Federico"]
[Black "Dittmar, Peter"]
[Result "1/2-1/2"]
[WhiteElo "2408"]
[BlackElo "2322"]
[PlyCount "23"]
[EventDate "2005.10.22"]

1. e4 e6 2. d4 d5 3. Nc3 dxe4 4. Nxe4 Bd7 5. Nf3 Bc6 6. Bd3 Nd7 7. O-O Ngf6 8.
Ng3 Be7 9. b3 O-O 10. Bb2 Bxf3 11. Qxf3 c6 12. c4 1/2-1/2

[Event "XXVII Festival A"]
[Site "Arco ITA"]
[Date "2005.10.30"]
[Round "9"]
[White "Scharrer, Patrick"]
[Black "Kranebitter, Gerhard"]
[Result "0-1"]
[WhiteElo "2210"]
[BlackElo "2070"]
[PlyCount "55"]
[EventDate "2005.10.22"]

1. e4 d5 2. exd5 Qxd5 3. Nc3 Qa5 4. d4 c6 5. Nf3 Nf6 6. Bd2 Bf5 7. Bc4 e6 8.
Qe2 Bb4 9. a3 Bxc3 10. Bxc3 Qc7 11. Ne5 Nbd7 12. O-O-O Nxe5 13. dxe5 Nd5 14.
Bd2 O-O-O 15. g4 Bg6 16. f4 h5 17. h3 Qb6 18. Rhf1 hxg4 19. hxg4 Rh3 20. Rf3
Rdh8 21. Rxh3 Rxh3 22. Qg2 Rxa3 23. bxa3 Qd4 24. Kb1 Qxc4 25. f5 exf5 26. gxf5
Bxf5 27. Bb4 Ne3 28. Qxg7 0-1

[Event "XXVII Festival A"]
[Site "Arco ITA"]
[Date "2005.10.30"]
[Round "9"]
[White "Wohl, Aleksandar H."]
[Black "Agdestein, Simen"]
[Result "0-1"]
[WhiteElo "2439"]
[BlackElo "2582"]
[PlyCount "88"]
[EventDate "2005.10.22"]

1. e4 e5 2. Nf3 Nc6 3. Bb5 a6 4. Ba4 Nf6 5. d3 b5 6. Bb3 Bc5 7. a4 Bb7 8. Nc3
b4 9. Nd5 Na5 10. Nxf6+ Qxf6 11. Ba2 O-O 12. O-O h6 13. c3 bxc3 14. bxc3 Bb6
15. Rb1 Rab8 16. Re1 Rfe8 17. Qc2 d6 18. Be3 Bc6 19. Nd2 Qe7 20. Nf1 Qd7 21.
Rb4 Bxe3 22. fxe3 Rxb4 23. cxb4 Bxa4 24. Qd2 Nc6 25. Ng3 g6 26. Rf1 Nd8 27. Qf2
Qe7 28. h4 Kg7 29. h5 Rf8 30. Qf3 Bd7 31. Rc1 c6 32. Bc4 Bc8 33. Rf1 Ne6 34.
Nf5+ gxf5 35. exf5 Qf6 36. fxe6 Qxf3 37. Rxf3 d5 38. e7 Re8 39. Rg3+ Kf6 40.
Bb3 Kxe7 41. e4 Be6 42. d4 exd4 43. exd5 cxd5 44. Rd3 Rb8 0-1

[Event "XXVII Festival A"]
[Site "Arco ITA"]
[Date "2005.10.30"]
[Round "9"]
[White "Zagrebelny, Sergey"]
[Black "Aagaard, Jacob"]
[Result "1/2-1/2"]
[WhiteElo "2513"]
[BlackElo "2452"]
[PlyCount "21"]
[EventDate "2005.10.22"]

1. e4 c5 2. Nf3 d6 3. d4 cxd4 4. Nxd4 Nf6 5. Nc3 a6 6. Be2 e6 7. O-O Be7 8. f4
Qc7 9. a4 O-O 10. Kh1 b6 11. Bf3 1/2-1/2

[Event "XXVII Festival A"]
[Site "Arco ITA"]
[Date "2005.10.30"]
[Round "9"]
[White "Ziltener, Werner"]
[Black "Pavoncelli, Paolo"]
[Result "1-0"]
[WhiteElo "2101"]
[BlackElo "1818"]
[PlyCount "53"]
[EventDate "2005.10.22"]

1. d4 Nf6 2. Nf3 g6 3. Bg5 c5 4. Bxf6 exf6 5. c3 cxd4 6. Nxd4 Qb6 7. Qb3 Bc5 8.
e3 Nc6 9. Be2 O-O 10. O-O Re8 11. Bf3 Re5 12. Nd2 Na5 13. Qc2 Re7 14. b4 Bxb4
15. cxb4 Qxb4 16. Rab1 Qd6 17. Ne4 Qb8 18. Nxf6+ Kg7 19. Nd5 Re5 20. Nc7 Nc6
21. Nxa8 Qxa8 22. Rfc1 Nxd4 23. exd4 Re8 24. Re1 Rf8 25. Qc7 d6 26. Bd5 Bf5 27.
Rxb7 1-0

[Event "IV Festival Hotel Petra A"]
[Site "Roma ITA"]
[Date "2005.07.??"]
[Round "4"]
[White "Micaloni, Mario"]
[Black "Ragonese, Lucio Rosario"]
[Result "1-0"]
[WhiteElo "1877"]
[BlackElo "2006"]
[PlyCount "61"]
[EventDate "2005.07.27"]

1. e4 d5 2. exd5 Qxd5 3. Nf3 Nf6 4. Nc3 Qa5 5. Be2 Bf5 6. O-O e6 7. Nd4 c6 8.
a3 Nbd7 9. Re1 Bg6 10. b4 Qc7 11. Bf3 Ne5 12. Rxe5 Qxe5 13. Nxc6 Qc7 14. Na5
Nd5 15. Nb5 Qd7 16. c4 Be7 17. Qf1 a6 18. Nc3 Nxc3 19. Bxb7 Bd3 20. Bxa8 O-O
21. Bc6 Qd8 22. Qe1 Ne2+ 23. Kh1 Bf6 24. Ra2 Qc7 25. Bf3 Bb1 26. Rb2 Nxc1 27.
Rxb1 Nd3 28. Qe2 Rd8 29. Nb3 Qxc4 30. Nc5 Bd4 31. Qxd3 1-0

[Event "VI Weekend A"]
[Site "Novara ITA"]
[Date "2005.10.28"]
[Round "1"]
[White "Bonade', Massimo"]
[Black "Brancaleoni, Maurizio"]
[Result "0-1"]
[WhiteElo "2070"]
[BlackElo "2308"]
[PlyCount "122"]
[EventDate "2005.10.28"]

1. d4 c5 2. d5 g6 3. c4 Bg7 4. Nf3 d6 5. e4 e6 6. Nc3 Ne7 7. Be2 O-O 8. O-O
exd5 9. cxd5 a6 10. a4 h6 11. Be3 Bg4 12. Qd2 Kh7 13. h3 Bxf3 14. Bxf3 Nd7 15.
Be2 f5 16. Ra3 fxe4 17. Nxe4 Nf5 18. Bf4 Ne5 19. Bh2 Qe7 20. f4 Nd7 21. Bf3 Nf6
22. Re1 Nxe4 23. Rxe4 Qf7 24. Re6 Rad8 25. Be4 Rfe8 26. g4 Rxe6 27. dxe6 Qxe6
28. Bxb7 Bd4+ 29. Kh1 Ne3 30. Bf3 Nc4 31. f5 gxf5 32. gxf5 Qxf5 33. Qe1 Kh8 34.
Rb3 Rf8 35. Bg2 Ne5 36. Bxe5+ Qxe5 37. Qh4 Qg5 38. Qxg5 hxg5 39. Rb6 Re8 40.
Bd5 a5 41. Rxd6 Bxb2 42. Rc6 Bd4 43. Ra6 Bc3 44. Rc6 Bb4 45. Kg2 Re3 46. Rc8+
Kg7 47. Bc4 Kf6 48. Bb5 Ke5 49. Rd8 Re4 50. Kf3 Rh4 51. Kg3 c4 52. Re8+ Kf6 53.
Rc8 c3 54. Rc6+ Ke5 55. Rc8 Rd4 56. Re8+ Kf6 57. Rc8 Rd5 58. Rc6+ Ke5 59. Kf3
Bc5 60. Rc8 c2 61. Re8+ Kf6 0-1

[Event "VI Weekend A"]
[Site "Novara ITA"]
[Date "2005.10.28"]
[Round "1"]
[White "Brugo, Marco"]
[Black "Astengo, Marcello"]
[Result "0-1"]
[WhiteElo "2036"]
[BlackElo "2077"]
[PlyCount "62"]
[EventDate "2005.10.28"]

1. d4 d5 2. c4 e6 3. Nc3 c6 4. e3 Nf6 5. Nf3 Nbd7 6. Bd3 dxc4 7. Bxc4 b5 8. Bd3
a6 9. e4 c5 10. e5 Ng4 11. Be4 Rb8 12. Ng5 cxd4 13. Qxg4 dxc3 14. Nxe6 cxb2 15.
Bxb2 Qa5+ 16. Kf1 fxe6 17. Qxe6+ Be7 18. Rd1 Qb4 19. Bc6 Qc4+ 20. Qxc4 bxc4 21.
Bd4 Kf8 22. Ba7 Rb2 23. Bxd7 Bxd7 24. Rxd7 Rb1+ 25. Ke2 Rxh1 26. Rc7 Kf7 27.
Bc5 Re8 28. f4 Rb1 29. f5 Rb5 30. Bd4 Kg8 31. g4 Bd6 0-1

[Event "VI Weekend A"]
[Site "Novara ITA"]
[Date "2005.10.28"]
[Round "1"]
[White "Magrini, Fabrizio"]
[Black "Tencati, Giuseppe"]
[Result "1/2-1/2"]
[WhiteElo "2067"]
[BlackElo "2132"]
[PlyCount "114"]
[EventDate "2005.10.28"]

1. e4 e6 2. d4 d5 3. Nc3 Nf6 4. Bg5 Be7 5. e5 Nfd7 6. h4 a6 7. Qg4 f5 8. Qg3 c5
9. Nf3 Nc6 10. O-O-O Nxd4 11. Nxd4 cxd4 12. Rxd4 Nb8 13. Bxe7 Qxe7 14. Rxd5
exd5 15. Nxd5 Qf7 16. e6 Bxe6 17. Nc7+ Kd7 18. Nxa8 Rd8 19. Qc7+ Ke8 20. Qxf7+
Bxf7 21. Nb6 Nc6 22. Bc4 Bxc4 23. Nxc4 Rd4 24. Ne3 g6 25. Rd1 Rxh4 26. c3 Rh2
27. f4 Rh4 28. Nd5 Kf7 29. Rf1 h5 30. Kd2 Ne7 31. Ne3 Ng8 32. Ke2 Nf6 33. Kf3
Ne4 34. Rd1 Ke6 35. c4 Rh2 36. b4 h4 37. c5 h3 38. Re1 hxg2 39. Nxg2 Kd5 40.
Ne3+ Kc6 41. Re2 Rxe2 42. Kxe2 Nc3+ 43. Kd3 Nxa2 44. Kc4 Nc1 45. Nd5 Kd7 46.
Kd4 Ne2+ 47. Ke5 Kc6 48. Ne7+ Kb5 49. Nd5 a5 50. bxa5 Kxc5 51. Ne7 Kb5 52. Nxg6
Kxa5 53. Kxf5 b5 54. Ne5 Ka4 55. Nd3 Kb3 56. Ke4 Kc3 57. Ke3 Ng3 1/2-1/2

[Event "VI Weekend A"]
[Site "Novara ITA"]
[Date "2005.10.28"]
[Round "1"]
[White "Ranieri, Fabrizio"]
[Black "Aglietti, Graziano"]
[Result "1-0"]
[WhiteElo "2247"]
[BlackElo "2067"]
[PlyCount "91"]
[EventDate "2005.10.28"]

1. e4 Nf6 2. e5 Nd5 3. d4 d6 4. exd6 exd6 5. Nf3 Be7 6. Be2 O-O 7. O-O Bf5 8.
a3 Nf6 9. c4 d5 10. Qb3 dxc4 11. Qxb7 Be4 12. Qb5 Nc6 13. Qxc4 Rb8 14. b4 Bxf3
15. Bxf3 Nxd4 16. Bd1 Qd5 17. Qxd5 Nxd5 18. Bb2 Bf6 19. Ra2 c5 20. Nc3 Nxc3 21.
Bxc3 cxb4 22. Bxb4 Rfe8 23. Ba4 Re2 24. Rxe2 Nxe2+ 25. Kh1 a5 26. Bd6 Rd8 27.
Bc7 Rc8 28. Bb6 g6 29. Bd1 Nd4 30. Bxa5 Rc1 31. Bd2 Ra1 32. a4 Nb3 33. Be3 Na5
34. g3 Nc4 35. Kg2 Nb2 36. Bb3 Ra3 37. Rc1 Rxb3 38. a5 Ra3 39. Rc8+ Kg7 40. Bc5
Rc3 41. a6 Na4 42. a7 Nb6 43. Bf8+ Kg8 44. Re8 h5 45. Bc5+ Kg7 46. Bxb6 1-0